Music Quiz

Random Music or Singers Quiz
Score 0/20 Timer 05:00
7 Plays Today
% Correct
The Temptations - My Girl
90.7%
Tina Turner - What's Love Got to Do with It
88.3%
Justin Timberlake - SexyBack
85.9%
Megan Trainor - All About That Bass
85.1%
TLC - No Scrubs
83.8%
Twisted Sister - We’re Not Gonna Take It
81.8%
Shania Twain - That Don't Impress Me Much
81.8%
Tiffany - I Think We're Alone Now
81.4%
Robin Thicke - Blurred Lines
80.1%
The Turtles - Happy Together
73.7%
% Correct
T-Pain - Buy U a Drank (Shawty Snappin')
72.7%
James Taylor - Fire and Rain
71.3%
T-Rex - Bang a Gong (Get It On)
69.7%
Talking Heads - Burning Down the House
69.7%
Take That - Back For Good
69.4%
The Ting Tings - That's Not My Name
64.8%
Third Eye Blind - Semi-Charmed Life
63%
T.I. - Whatever You Like
62%
Tears for Fears - Shout
61.9%
Train - Hey, Soul Sister
60.7%
Remove Ads.
Support Sporcle.
Get the best of Sporcle when you Go Orange. This ad-free experience offers more features, more stats, and more fun while also helping to support Sporcle. Thank you for becoming a member.

You're not logged in!

Compare scores with friends on all Sporcle quizzes.
OR
Log In

Show Comments

Extras

Top Quizzes Today


Score Distribution

Your Account Isn't Verified!

In order to create a playlist on Sporcle, you need to verify the email address you used during registration. Go to your Sporcle Settings to finish the process.

Report this User

Report this user for behavior that violates our Community Guidelines.

Details: